000 00511cam a2200193ua 4500
001 1621
008 110713n ii |||gr||||Z||||||eng
020 _a81-219-0374-2
040 _cMAIN
082 _a338.5201
100 1 _aAhuja, H. L.,
_eAuthor.
245 1 _aModern micro economics theory and application
_cby H. L. Ahuja
250 _a1st.
260 _aNew Delhi:
_bS. Chand & company ltd,
_c2001.
300 _aviii; 688p:
_bill;
_c25cm.
653 _aEconomics
653 _aMicroeconomics
942 _cBK
999 _c1508
_d1508